000 00635nam a2200229Ia 4500
003 OSt
005 20221006164232.0
006 a|||||r|||| 00| 0
007 ta
008 221006b |||||||| |||| 00| 0 hin d
024 _a5,962
037 _cTextual
040 _aFML
_cFML
_bhin
041 _2hin
_ahin
082 _aO15,1:g, 152K5
100 _aShastri Parmananda Au.
_9676911
245 0 _aGatha Saptashati
_b Shodh Kriti
260 _aMeerut
_bPrakashan Pratisthan India
_c1965
300 _a591
_ccm.
942 _hO15,1:g, 152K5
_cTEXL
_2CC
999 _c1116590
_d1116590